| 000 | 00558nam a2200229Ia 4500 | ||
|---|---|---|---|
| 003 | 0100 | ||
| 008 | 130303s9999 xx 000 0 und d | ||
| 020 | _a9780140124934 | ||
| 040 | _cARRUPELIB | ||
| 050 | _aB72.S49 1994 | ||
| 100 | _aShand, John | ||
| 245 | _aPhilosophy and philosophers | ||
| 245 | _ban introduction to Western philosophy | ||
| 260 | _aLondon | ||
| 260 | _bPenguin | ||
| 260 | _C1994 | ||
| 300 | _axi | ||
| 300 | _b 348p. 23cm. | ||
| 650 | _bChurch history--Zambia | ||
| 650 | _cMissions--Zambia--History | ||
| 942 |
_2lcc _06 |
||
| 999 |
_c66115 _d66115 |
||